| 000 | 00648nam a22001817a 4500 | ||
|---|---|---|---|
| 999 |
_c15042 _d15042 |
||
| 003 | OSt | ||
| 082 | _2631.3 LIN/FA | ||
| 088 | _aP 24 | ||
| 100 |
_aLINDA N. E _aSUNIL A. P _93923 |
||
| 245 | _aFabrication and performance evaluation of a solar air cooler | ||
| 260 |
_aTavanur 1993 _bDepartment of Farm Power Machinery and Energy |
||
| 300 | _a52 | ||
| 500 | _aFabrication and performance evaluation of a solar air cooler | ||
| 520 | _aFabrication and performance evaluation of a solar air cooler | ||
| 700 |
_aEr. Hamza Mollakadavath (Guide) _93566 |
||
| 856 | _uhttps://drive.google.com/open?id=10XjLbkKdfz9tW1wYzMUmOxv1veE5nDkl | ||
| 942 | _cPR | ||